El fracaso de la enseñanza
Guardat en:
| Autor principal: | |
|---|---|
| Format: | Llibre |
| Idioma: | espanyol |
| Publicat: |
Santiago
Chile
1940
|
| Col·lecció: | Colección educación
|
| Matèries: | |
| Etiquetes: |
Afegir etiqueta
Sense etiquetes, Sigues el primer a etiquetar aquest registre!
|
MARC
| LEADER | 00000nam a2200000 a 4500 | ||
|---|---|---|---|
| 001 | UCW6442 | ||
| 003 | CL-VaPUC | ||
| 008 | 920108e19400000CL |||||||||||||||||spa|d | ||
| 082 | 0 | 4 | |a 371.285 |b PAY |2 21 |
| 100 | |a Payot, Julio |e autor |9 311473 | ||
| 245 | 1 | 3 | |a El fracaso de la enseñanza |
| 300 | |a 290 p | ||
| 942 | |c BK | ||
| 945 | |d 19920108 00:00:00 | ||
| 260 | |a Santiago |b Chile |c 1940 | ||
| 650 | 7 | |a FRACASO ESCOLAR |2 CL-VaPUC |9 308828 | |
| 583 | |a last modification |c 19920108 00:00:00 |k Rodrigo Vera | ||
| 490 | 0 | |a Colección educación | |
| 999 | |c 219498 |d 219496 | ||
| 952 | |0 0 |1 0 |4 0 |6 371_285000000000000_PAY_1940 |7 0 |8 P |9 210492 |a BIBEDU |b BIBEDU |c BIBEDU_PB |d 2019-11-15 |i 2786311 |o 371.285 PAY 1940 |p 2786311 |r 2024-01-25 |w 2019-11-15 |y BK |k EDU | ||